000 02607nam a2200337Ia 4500
001 364438
003 EC-QuCCB
005 20260324122727.0
007 ta
008 260324s1990 ec gr 001 pdspa d
020 _a9978-83-028-6
040 _aEC-QuCCB
041 0 _aspa
082 _aEc861
_bA241
_b1990
100 1 _9222
_aAdoum, Jorge Enrique,
_d1926-2009
245 1 0 _aPoesía viva del Ecuador :
_bsiglo XX
_cJorge Enrique Adoum
250 _aPrimera edición
260 _aQuito, Ecuador :
_bGrijalbo,
_c1990
300 _a285 páginas ;
_c20 cm
336 _atexto
_btxt
337 _ano mediado
_bn
338 _avolumen
_bnc
490 _aEl Espejo de Tinta
504 _aBibliografía : página 281
505 1 _aHumberto Fierro -- Ernesto Noboa -- Arturo Borja -- Medardo Ángel Silva -- Alfonso Moreno -- José María Egas -- Remigio Romero y Cordero -- Miguel Ángel León -- Aurora Estrada y Ayala -- Hugo Mayo -- César Andrade y Cordero -- Miguel Ángel Zambrano, Gonzalo Escudero, Jorge Carrera Andrade, Alfredo Gangotena, Jorge Reyes, Augusto Sacoto, Ignacio Lasso, José Llerena, Adalberto Ortiz, Pedro Jorge Vera, Alejandro Carrión, César Dávila Andrade, Edgar Ramírez Estrada y otros
520 _aNinguna antología puede prescindir de los gustos personales del antólogo. En la presente selección de poesía ecuatoriana, Jorge Enrique Adoum reconoce aquella forzosa realidad después de explicar en detalle los criterios de su trabajo. Entre ellos, el de la "poesía viva" no sólo fundamenta la obra en el fenómeno de la recepción, cuya importancia ha sido destacada por sólidas tendencias de la crítica contemporánea, sino asegura también para sus páginas una exigente muestra de poesía ecuatoriana, ideal para todo lector que busque una imagen viva y completa del género en el Ecuador. La selección de autores y textos va precedida de un sugestivo estudio acerca de la poesía ecuatoriana. El estudio se detiene con amplitud en el comienzo de la poesía ecuatoriana viva, la poesía modernista, y discute el aporte de la tendencia al curso posterior de nuestra poesía. El lector hallará también verdadera nove-dad en la valoración que Adoum hace de un poco estudiado momento de renovación, gracias a la obra de poetas como Ignacio Lasso, Jorge Reyes, Augusto Sacoto Arias o José Alfredo Llerena, en quienes pueden hallarse formas poéticas que parecerían más propias de años recientes.
590 _abgg
650 0 _aPoesía ecuatoriana
_919883
_vAntologías
650 4 _aLiteratura ecuatoriana
_913880
942 _2ddc
_cBK
999 _c83740
_d83740